Central Library OPAC University of Rajshahi

The history of medieval Assam, from the thirteenth to the seventeenth century : (Record no. 27231)

MARC details
000 -LEADER
fixed length control field 01024nam a22002651 4500
001 - CONTROL NUMBER
control field 27231
003 - CONTROL NUMBER IDENTIFIER
rucl marc code BD-RjUL
005 - DATE AND TIME OF LATEST TRANSACTION
control field 20211209051129.0
008 - FIXED-LENGTH DATA ELEMENTS--GENERAL INFORMATION
fixed length control field 140324s1966 ii ab b 000 0 eng d
035 ## - SYSTEM CONTROL NUMBER
System control number (BD-RjUL)27303
040 ## - CATALOGING SOURCE
Original cataloging agency BD-RjUL
Language of cataloging eng
Transcribing agency BD-RjUL
Modifying agency BD-RjUL
041 ## - LANGUAGE CODE
Language code of text/sound track or separate title eng
082 ## - DEWEY DECIMAL CLASSIFICATION NUMBER
Classification number 954.16
Author mark and year ACH 1966
100 1# - MAIN ENTRY--PERSONAL NAME
Personal name Acharyya, N. N.
Fuller form of name (Nagendra Nath)
9 (RLIN) 83560
245 14 - TITLE STATEMENT
Title The history of medieval Assam, from the thirteenth to the seventeenth century :
Remainder of title a critical and comprehensive history of Assam during the first four centuries of Ahom rule, based on original Assamese sources, available both in India and England /
Statement of responsibility, etc. [by] N. N. Acharyya
250 ## - EDITION STATEMENT
Edition statement 1st ed.
260 ## - PUBLICATION, DISTRIBUTION, ETC. (IMPRINT)
Place of publication, distribution, etc. Gauhati :
Name of publisher, distributor, etc. Dutta Baruah,
Date of publication, distribution, etc. 1966
300 ## - PHYSICAL DESCRIPTION
Pagination xiv, 308 p :
Illustrations illus., map (on lining paper) ;
Size 23 cm
500 ## - GENERAL NOTE
General note Based on the author's thesis, University of London
504 ## - BIBLIOGRAPHY, ETC. NOTE
Bibliography, etc Bibliography: p. [281]-287
651 #0 - SUBJECT ADDED ENTRY--GEOGRAPHIC NAME
Geographic name Assam (India)
General subdivision History
9 (RLIN) 83066
942 ## - ADDED ENTRY ELEMENTS (KOHA)
Source of classification or shelving scheme Dewey Decimal Classification
Koha item type Books
Holdings
Lost status Source of classification or shelving scheme Damaged status Not for loan Collection code Permanent Location Current Location Shelving location Date acquired Source of acquisition Cost, normal purchase price Total Checkouts Full call number Date last seen Copy number Koha item type
  Dewey Decimal Classification   Added to bundle Non-fiction Central Library, University of Rajshahi Central Library, University of Rajshahi Reading Room 22/04/1976 K.P.Banglia 15.00   954.16 ACH 1966 24/03/2014 C-1 Books